000 00673nam a22002057a 4500
999 _c61709
_d61709
005 20240419111912.0
008 240419s2007 enk||||| |||| 00| 0 eng d
020 _a9780781762748x
041 _aeng
080 _a611 M-83
100 _aMoore, Keith L.
_99461
245 _aEssential Clinical Anatomy /
_cKeith L. Moore, A. M. R. Agur.
250 _aThird edition
264 _aPhiladelphia :
_bLippincott Williams & Wilkins,
_c2007
300 _a692 p.:
_bill.;
_c28 cm.
653 _aკლინიკური ანატომია
653 _aმედიცინა
700 _aAgur, A. M. R.
_eავტორი
_99465
942 _2udc
_cᲬᲘᲒᲜᲘ